Statistics for Countries from Serbian to English - Cyrillic Script #1

Click here to take the quiz!

General Stats

  • This quiz has been taken 703 times
  • The average score is 9 of 10

Answer Stats

SerbianEnglish% Correct
АргентинаArgentina
99%
КазахстанKazakhstan
98%
ГватемалаGuatemala
95%
ФранцускаFrance
94%
ЛаосLaos
94%
ЗамбијаZambia
94%
МалдивиMaldives
92%
Нови ЗеландNew Zealand
92%
Саудијска АрабијаSaudi Arabia
89%
ХрватскаCroatia
86%

Score Distribution

Percentile by Number Answered

Percent of People with Each Score

Your Score History

You have not taken this quiz